Wavelet methods for pointwise regularity and local oscillations of functions

Gorde:
Xehetasun bibliografikoak
Egile nagusia: Jaffard, Stéphane (Egilea)
Beste egile batzuk: Meyer, Yves (autor)
Formatua: Liburua
Hizkuntza:ingelesa
Argitaratua: Providence American Mathematical Society 1996
Saila:Memoirs of the American Mathematical Society, 587
Gaiak:
Etiketak: Etiketa erantsi
Etiketarik gabe, Izan zaitez lehena erregistro honi etiketa jartzen!

MARC

LEADER 00000nam a2200000 a 4500
001 UCM7014
003 CL-VaPUC
008 021129e19960000US |||||||||||||||||eng|d
082 0 4 |a 515.84  |b JAF  |2 21 
100 0 |a Jaffard, Stéphane  |e author  |9 472735 
700 |a Meyer, Yves  |e autor  |9 570330 
245 1 0 |a Wavelet methods for pointwise regularity and local oscillations of functions 
300 |a 110 p 
942 |c BK 
945 |d 20021129 00:00:00  |a vberengu 
260 |a Providence  |b American Mathematical Society  |c 1996 
650 0 |a Funciones   |9 263869 
650 7 |a ONDA  |2 CL-VaPUC  |9 472737 
650 0 |a Procesamiento de señales   |9 260702 
583 |a last modification  |c 20130422 12:36:44  |k Rodrigo Vera 
490 0 |a Memoirs of the American Mathematical Society, 587 
999 |c 302049  |d 302047 
952 |0 0  |1 0  |4 0  |6 515_840000000000000_JAF_1996  |7 0  |8 A  |9 362040  |a BIBMAT  |b BIBMAT  |d 2019-11-21  |i 3866769  |o 515.84 JAF 1996  |p 3866769  |r 2025-01-07  |w 2019-11-21  |y BK  |k MAT